000 01161cad a22001935a 4500
001 E147798
008 090618e20090401xxk v 000 0 eng d
035 _a(Sirsi) u147798
041 0 _aeng
245 0 0 _aJohn Colecliffe and Another v Richard Thompson
_bopinion
_h[electronic resource]
260 _c2008
520 _aLTS/TC/2008/38 1 April 2009. Concerned an application under the Title Conditions (Scotland) Act 2003 S90(1)(a)(i) to discharge a servitude right of access across the applicants' property to the respondent's property, which is a modern house built near of the applicants' on land sold by the previous owners of the applicants' property. The respondents opposed the application. "Held": application granted, on the condition that signage is provided directing visitors to the new entrance.
650 2 4 _aCOLECLIFFE AND ANOR V THOMPSON
650 2 4 _aTITLE CONDITIONS (SCOTLAND) ACT 2003
651 4 _aScotland
_y1999-
690 _aPlanning and development
_96259
856 4 0 _uhttps://www.lands-tribunal-scotland.org.uk/decisions/LTS.TC.2008.38.html
_zView the decision free of charge at www.lands-tribunal-scotland.org.uk...
942 _n0
999 _c81644
_d81644